|
|
|
|
| LEADER |
00000nam0a2200000 4500 |
| 001 |
350566 |
| 005 |
20231102010320.0 |
| 035 |
|
|
|a (RuTPU)RU\TPU\retro\4714
|
| 035 |
|
|
|a RU\TPU\retro\4712
|
| 090 |
|
|
|a 350566
|
| 100 |
|
|
|a 20190208d1935 m y0rusy50 ca
|
| 101 |
0 |
|
|a rus
|
| 102 |
|
|
|a RU
|
| 105 |
|
|
|a ac z 000zy
|
| 200 |
1 |
|
|a Гугеноты
|f Э. (Е.) Скриб
|g Дж. Мейербер; под ред. Р. А. Шапиро
|
| 210 |
|
|
|a Ленинград
|c Издание Лен. Гос. Акад. Театра Оперы и Балета им. С. М. Кирова
|d 1935
|
| 215 |
|
|
|a 48 с.
|c портр.
|
| 316 |
|
|
|5 63413507: 153//611
|a На титульном листе штамп-экслибрис: "Обязательный экземпляр Сиб. Науч. Технич. Библиотеки"
|
| 316 |
|
|
|5 63413507: 153//611
|a На авантитуле надпись: "[Вырваны иллюстр. на стр. 25, 17. библ. Балакина]"
|
| 600 |
|
1 |
|a Мейербер
|b Дж.
|c французский композитор
|c настоящее имя Якоб Либман Бер
|f 1791-1864
|g Джакомо
|2 stltpush
|3 (RuTPU)RU\TPU\pers\37361
|9 20279
|
| 600 |
|
1 |
|a Скриб
|b Э. (Е.)
|c французский драматург, специализировавшийся на комедиях и водевилях, либреттист
|f 1791-1861
|g Эжен (Евгений)
|2 stltpush
|3 (RuTPU)RU\TPU\pers\43038
|
| 606 |
1 |
|
|a Опера
|x Либретто
|2 stltpush
|3 (RuTPU)RU\TPU\subj\47028
|9 66096
|
| 610 |
1 |
|
|a театральные программы
|
| 610 |
1 |
|
|a артисты
|
| 610 |
1 |
|
|a сценарии
|
| 610 |
1 |
|
|a действия
|
| 610 |
1 |
|
|a 19 век
|
| 610 |
1 |
|
|a оперные спектакли
|
| 610 |
1 |
|
|a французская литература
|
| 610 |
1 |
|
|a надписи
|
| 675 |
|
|
|a 782
|v 3
|
| 700 |
|
1 |
|a Скриб
|b Э. (Е.)
|c французский драматург, специализировавшийся на комедиях и водевилях, либреттист
|f 1791-1861
|g Эжен (Евгений)
|2 stltpush
|3 (RuTPU)RU\TPU\pers\43038
|
| 702 |
|
1 |
|a Мейербер
|b Дж.
|c французский композитор
|c настоящее имя Якоб Либман Бер
|f 1791-1864
|g Джакомо
|2 stltpush
|3 (RuTPU)RU\TPU\pers\37361
|4 230
|9 20279
|
| 702 |
|
1 |
|a Шапиро
|b Р. А.
|4 340
|
| 801 |
|
1 |
|a RU
|b 63413507
|c 20190204
|
| 801 |
|
2 |
|a RU
|b 63413507
|c 20190208
|g RCR
|
| 942 |
|
|
|c BK
|